000 00444nam a2200181Ia 4500
001 7369
005 20260306160450.0
008 260306t2006||||xx |||||||||||||| ||spa||
041 _aESP
082 _a338.7
_bN36 2006
100 _aMinisterio de Relaciones Exteriores
_eAUT
245 0 _aEl negocio del agro en Brasil
260 _c2006
300 _a147 páginas :
_c22 cm.
650 _aGEN
654 _aCAN
942 _cLIB
_dJUS
_fJUS
_2ddc
_n
999 _c7369
_d7369